000 01025nam a22002297i 4500
999 _c23622
_d23622
003 AR-CdUCM
008 260422b20192019 pe||||| |||| 00| 0 spa d
020 _a978-9972-51-759-4
040 _aMUNICIPALIDAD PROVINCIAL DEL CUSCO
_cBIBLIOTECA MUNICIPAL DEL CUSCO
041 _hspa
082 _a985.05
_bM12E
100 _aMcEvoy, Carmen
_949889
245 _aEn Pos de la República :
_bEnsayos de historia política e intelectual /
260 _aLima-Perú:
_bIEP Instituto de Estudios Peruanos
_c2019
300 _a513 páginas. :
_c23x16 cm.
500 _zPáginas: 463-465
505 _aDe la comunidad retorica al Estado nacíon -- De la republica imaginada a la republica en armas -- De la republica jacobina a la republica militarizada -- La republica inventada -- No hay republica sin indios -- Manuel pardo y el proyecto de la republica practica -- Una sola y gran ciudad
650 _aEntre la nostalgia y el escándalo
_952651
856 _fwww.eip.org.pe
942 _2ddc
_cLIBROS
945 _apbjr
_d22-04-2026